LEADER 03032oam 2200949zu 450 001 9910139436703321 005 20210803002139.0 010 $a0-470-74629-7 035 $a(CKB)2500000000001396 035 $a(SSID)ssj0000288419 035 $a(PQKBManifestationID)11214405 035 $a(PQKBTitleCode)TC0000288419 035 $a(PQKBWorkID)10382292 035 $a(PQKB)11177730 035 $a(EXLCZ)992500000000001396 100 $a20160829d2007 uy 101 0 $aeng 181 $ctxt 182 $cc 183 $acr 200 00$aAggressive offenders' cognition : theory, research, and practice 210 31$a[Place of publication not identified]$cJohn Wiley & Sons Ltd$d2007 225 0 $aWiley series in forensic clinical psychology Aggressive offenders' cognition 300 $aBibliographic Level Mode of Issuance: Monograph 311 $a0-470-03402-5 606 $aCognitive therapy$xCounseling of 606 $aEmotions and cognition$xMental health 606 $aSex offenders$xPsychology 606 $aSex offenders$xCounseling of 606 $aSex offenders$xMental health 606 $aViolent offenders$xPsychology 606 $aViolent offenders 606 $aCriminal psychology 606 $aCrime 606 $aSocial Problems 606 $aMental Processes 606 $aPsychology, Applied 606 $aViolence 606 $aSex Offenses 606 $aCognition 606 $aCriminal Psychology 606 $aPsychological Phenomena and Processes 606 $aSociology 606 $aCriminology 606 $aPsychiatry and Psychology 606 $aSocial Sciences 606 $aAnthropology, Education, Sociology and Social Phenomena 606 $aPsychiatry$2HILCC 606 $aPsychotherapy$2HILCC 606 $aHealth & Biological Sciences$2HILCC 615 0$aCognitive therapy$xCounseling of 615 0$aEmotions and cognition$xMental health 615 0$aSex offenders$xPsychology 615 0$aSex offenders$xCounseling of 615 0$aSex offenders$xMental health 615 0$aViolent offenders$xPsychology 615 0$aViolent offenders 615 0$aCriminal psychology 615 2$aCrime 615 2$aSocial Problems 615 2$aMental Processes 615 2$aPsychology, Applied 615 2$aViolence 615 2$aSex Offenses 615 2$aCognition 615 2$aCriminal Psychology 615 2$aPsychological Phenomena and Processes 615 2$aSociology 615 2$aCriminology 615 2$aPsychiatry and Psychology 615 2$aSocial Sciences 615 2$aAnthropology, Education, Sociology and Social Phenomena 615 7$aPsychiatry 615 7$aPsychotherapy 615 7$aHealth & Biological Sciences 676 $a616.89/142 702 $aGannon$b Theresa A 801 0$bPQKB 906 $aBOOK 912 $a9910139436703321 996 $aAggressive offenders' cognition : theory, research, and practice$92126897 997 $aUNINA LEADER 01629nam 2200541 a 450 001 9910462131703321 005 20200520144314.0 010 $a1-61728-703-2 035 $a(CKB)2670000000161827 035 $a(EBL)3020948 035 $a(SSID)ssj0000687893 035 $a(PQKBManifestationID)12277602 035 $a(PQKBTitleCode)TC0000687893 035 $a(PQKBWorkID)10756813 035 $a(PQKB)11068769 035 $a(MiAaPQ)EBC3020948 035 $a(Au-PeEL)EBL3020948 035 $a(CaPaEBR)ebr10681086 035 $a(OCoLC)782906070 035 $a(EXLCZ)992670000000161827 100 $a20100702d2011 uy 0 101 0 $aeng 135 $aur|n|---||||| 181 $ctxt 182 $cc 183 $acr 200 00$aCircuit analysis$b[electronic resource] /$fVirginia E. Wright, editor 210 $aHauppauge, N.Y. $cNova Science Publishers$dc2011 215 $a1 online resource (196 p.) 225 1 $aElectrical engineering developments 300 $aDescription based upon print version of record. 311 $a1-61728-106-9 320 $aIncludes bibliographical references and index. 410 0$aElectrical engineering developments series. 606 $aElectronic circuits 606 $aElectric circuit analysis 608 $aElectronic books. 615 0$aElectronic circuits. 615 0$aElectric circuit analysis. 676 $a621.3815 701 $aWright$b Virginia E$0967457 801 0$bMiAaPQ 801 1$bMiAaPQ 801 2$bMiAaPQ 906 $aBOOK 912 $a9910462131703321 996 $aCircuit analysis$92196488 997 $aUNINA LEADER 01219nam a2200313 i 4500 001 991001309179707536 005 20020507114207.0 008 970307s1977 us ||| | eng 035 $ab10202614-39ule_inst 035 $aLE00645606$9ExL 040 $aDip.to Fisica$bita 084 $a53.1.34 084 $a510(06) 084 $a510.35 084 $a512'.55 084 $aQA387 100 1 $aHermann, Robert$0346495 245 10$aToda lattices, cosymplectic manifolds, Bäcklund transformations and kinks /$cRobert Hermann 260 $aBrookline, MA :$bMath Sci Press,$c1977 300 $a2 v. :$bill. ;$c21 cm. 490 0 $aInterdisciplinary mathematics ;$v15-18 650 4$aBäcklund transformations 907 $a.b10202614$b17-02-17$c27-06-02 912 $a991001309179707536 945 $aLE006 510(021) HER$cPart B$g1$i2006000018425$lle006$o-$pE0.00$q-$rl$s- $t0$u0$v0$w0$x0$y.i10250463$z27-06-02 945 $aLE006 510(021) HER$cPart A$g1$i2006000018456$lle006$o-$pE0.00$q-$rl$s- $t0$u0$v0$w0$x0$y.i10250475$z27-06-02 996 $aToda lattices, cosymplectic manifolds, Bäcklund transformations and kinks$9192561 997 $aUNISALENTO 998 $ale006$b01-01-97$cm$da $e-$feng$gus $h0$i2